000 00552nam a2200181Ia 4500
005 20250326144345.0
008 250326s9999 xx 000 0 und d
037 _aTextbook
040 _aFMSL
_beng
_cFMSL
041 _aeng
_2eng
084 _aX:9 P8
_qFMSL
100 _aCoe C
_9749531
245 0 _aCoaching for commitment : achieving superior performance from individuals and teams
_cCoe C And Others
260 _aNew Jersey
_bNew Jersey, John Wiley
_c2008
365 _b1766.373
942 _cTB
_hX:9 P8
999 _c1303422
_d1303422